Ländercodes von Europa - Statistiken

Allgemein
  • Dieses Quiz wurde 518 mal gespielt
    397 seit der letzten Aktualisierung
  • Das Durchschnittsergebnis liegt bei 32 aus 45
Antwortstatistiken
Länderkürzel Land % Korrekt
DK Dänemark
94%
DE Deutschland
93%
FR Frankreich
92%
CZ Tschechien
92%
BE Belgien
90%
GB Vereinigtes Königreich
89%
IT Italien
88%
FI Finnland
87%
IS Island
87%
AL Albanien
86%
HU Ungarn
85%
PL Polen
84%
NL Niederlande
83%
RU Russland
83%
CH Schweiz
83%
AD Andorra
82%
EE Estland
82%
GR Griechenland
82%
LT Litauen
82%
LU Luxemburg
79%
AT Österreich
78%
NO Norwegen
77%
ES Spanien
75%
RO Rumänien
74%
PT Portugal
73%
LV Lettland
70%
SK Slowakei
68%
VA Vatikanstadt
68%
LI Liechtenstein
67%
IE Irland
65%
BL Bulgarien
63%
MC Monaco
61%
UA Ukraine
60%
HR Kroatien
58%
SM San Marino
55%
SI Slowenien
54%
MD Moldawien
52%
MK Nordmazedonien
52%
SE Schweden
52%
BY Belarus
49%
MT Malta
47%
ME Montenegro
44%
BA Bosnien und Herzegowina
42%
RS Serbien
32%
XK Kosovo
29%
Keine übereinstimmenden Quizze gefunden
Verteilung der Resultate
Anzahl Personen mit jedem Resultat
Perzentil nach korrekt beantworteten Fragen
Ihre Resultats-Entwicklung
Sie haben dieses Quiz seit der letzten Aktualisierung nicht gespielt